Condició de mare / Gemma Lienas ... [et al.]
ISBN:
84-96201-18-X
Descripción Física:
115 p. : il. ; 21 cm
Colección:
Sèrie A (Ara llibres)
Otros Autores:
Lienas, Gemma
Materias:
Maternitat
MARC
| LEADER | 00000nam a2200000Ia 4500 | ||
|---|---|---|---|
| 001 | 17081 | ||
| 008 | 160829s2004 xx 000 0 cat d | ||
| 020 | |a 84-96201-18-X | ||
| 080 | |a M-5-133 | ||
| 245 | |a Condició de mare / Gemma Lienas ... [et al.] | ||
| 260 | |a Barcelona : |b Ara llibres, |c 2004 | ||
| 300 | |a 115 p. : |b il. ; |c 21 cm | ||
| 490 | |a Sèrie A (Ara llibres) | ||
| 650 | |a Maternitat |9 31742 | ||
| 700 | |a Lienas, Gemma |9 20766 | ||
| 901 | |a Arxiu | ||
| 942 | |n 1 | ||
| 952 | |0 0 |1 0 |4 0 |6 M5133 |7 1 |9 41657 |a Arxiu |b Arxiu |d 2016-12-01 |l 0 |o M-5-133 |p 17081 |r 2016-12-01 00:00:00 |w 2016-12-01 |y ARXIU | ||
| 999 | |c 43547 |d 43547 | ||